000
00316 a2200157 4500
001
182186
020
_a
85-7344-064-3
040
_c
Magnum
100
_a
Andrade, Mário de
240
1
0
_a
Macunaíma
_l
por
245
1
0
_a
Macunaíma
300
_a
126
362
0
_a
1997
697
_a
LITERATURA GERAL
942
_c
BK
999
_c
182186
_d
182186